Statistics for Top 10 Continents and Countries by Population

Click here to take the quiz!

General Stats

  • This quiz has been taken 130 times
    (23 since last reset)
  • The average score is 8 of 10

Answer Stats

PositionPopulationContinent/Country% Correct
14.5 bnAsia
94%
21.4 bnChina
94%
31.3 bnIndia
94%
5742 mEurope
89%
41.3 bnAfrica
83%
6587 mNorth America
78%
7428 mSouth America
78%
8329 mUnited States
72%
10212 mBrazil
56%
9269 mIndonesia
50%

Score Distribution

Percentile by Number Answered

Percent of People with Each Score

Your Score History

You have not taken this quiz since the last reset